La investigación social en el medio rural /

sin resumen

Сохранить в:
Библиографические подробности
Главный автор: Canabal Cristiani, Beatriz (Autora)
Формат:
Язык:Spanish
Предметы:
Метки: Добавить метку
Нет меток, Требуется 1-ая метка записи!

MARC

LEADER 00000nam a22000007a 4500
003 cru IIS
005 20220104133014.0
008 211125b |||||||| |||| 00| 0 spa d
040 |c cru IIS 
100 1 |9 10190  |a Canabal Cristiani, Beatriz  |e Autora 
245 1 3 |a La investigación social en el medio rural /  |c Beatriz Canabal Cristiani 
300 |a páginas 36-50 
520 3 |a sin resumen 
650 0 |9 2520  |a CRISIS  |0 TESAUROS 
650 0 |9 93  |a AGRICULTURA  |0 TESAUROS 
773 0 |0 43995  |9 6384  |a Universidad Autónoma de Chapingo.   |d México D.F: Universidad Autónoma de Chapingo. Departamento de Sociología Rural  |o MFN: 1778  |t Sociología Rural / 
942 |2 ddc  |c PP 
999 |c 44022  |d 44022